MARC details
| 000 -LEADER |
| fixed length control field |
02077cam a2200289 4500 |
| 001 - CONTROL NUMBER |
| control field |
L130588 |
| 008 - FIXED-LENGTH DATA ELEMENTS--GENERAL INFORMATION |
| fixed length control field |
050815n2005 000 0 eng u |
| 020 ## - INTERNATIONAL STANDARD BOOK NUMBER |
| International Standard Book Number |
0110731948 |
| 035 ## - SYSTEM CONTROL NUMBER |
| System control number |
(Sirsi) u130588 |
| 041 ## - LANGUAGE CODE |
| Language code of text/sound track or separate title |
eng |
| 245 #4 - TITLE STATEMENT |
| Title |
The Town and Country Planning (General Development Procedure) (Amendment) (England) Order 2005 |
| 260 ## - PUBLICATION, DISTRIBUTION, ETC. |
| Place of publication, distribution, etc. |
London |
| Name of publisher, distributor, etc. |
TSO |
| Date of publication, distribution, etc. |
2005 |
| 490 ## - SERIES STATEMENT |
| Series statement |
SI |
| Volume/sequential designation |
2005:2087 |
| 520 ## - SUMMARY, ETC. |
| Summary, etc. |
Amends the Town and Country Planning (General Development Procedure) Order 1995 in consequence of provisions in the Planning and Compulsory Purchase Act 2004. Inserts into the 1995 Order, where appropriate, references to the Town and Country Planning Act 1990 s76A (major infrastructure projects) and prescribes the content and form of the economic impact report required by that section. Extends the consultation period which must elapse before an application can be determined from 14 to 21 days and prescribes 21 days, for the purposes of the Town and Country Planning Act 1990 Sched 1 para 7(7)(c) as the period which must elapse before an application can be determined. Inserts new articles 11A and 11B into the 1995 Order prescribing certain requirements in respect of consultation |
| 590 ## - LOCAL NOTE (RLIN) |
| Local note |
IKA160805 |
| 650 ## - SUBJECT ADDED ENTRY--TOPICAL TERM |
| Topical term or geographic name entry element |
TOWN AND COUNTRY PLANNING (GENERAL DEVELOPMENT PROCEDURE) (AMENDMENT) (ENGLAND) ORDER 2005 |
| 650 ## - SUBJECT ADDED ENTRY--TOPICAL TERM |
| Topical term or geographic name entry element |
TOWN AND COUNTRY PLANNING ACT 1990 SCHED 1 PARA 7(7)(C) |
| 650 ## - SUBJECT ADDED ENTRY--TOPICAL TERM |
| Topical term or geographic name entry element |
TOWN AND COUNTRY PLANNING (GENERAL DEVELOPMENT PROCEDURE) ORDER 1995 |
| 650 ## - SUBJECT ADDED ENTRY--TOPICAL TERM |
| Topical term or geographic name entry element |
TOWN AND COUNTRY PLANNING ACT 1990 S76A |
| 650 ## - SUBJECT ADDED ENTRY--TOPICAL TERM |
| Topical term or geographic name entry element |
PLANNING AND COMPULSORY PURCHASE ACT 2004 PART 4 |
| 650 ## - SUBJECT ADDED ENTRY--TOPICAL TERM |
| Topical term or geographic name entry element |
PLANNING AND COMPULSORY PURCHASE ACT 2004 S54 |
| 650 ## - SUBJECT ADDED ENTRY--TOPICAL TERM |
| Topical term or geographic name entry element |
TOWN AND COUNTRY PLANNING (GENERAL DEVELOPMENT PROCEDURE) ORDER 1995 ART 11A |
| 650 ## - SUBJECT ADDED ENTRY--TOPICAL TERM |
| Topical term or geographic name entry element |
TOWN AND COUNTRY PLANNING (GENERAL DEVELOPMENT PROCEDURE) ORDER 1995 ART 11B |
| 690 ## - LOCAL SUBJECT ADDED ENTRY--TOPICAL TERM (OCLC, RLIN) |
| Topical term or geographic name as entry element |
ENVIRONMENTAL AND LAND CONSULTANCY-PLANNING AND DEVELOPMENT-DEVELOPMENT CONTROL |
| 856 ## - ELECTRONIC LOCATION AND ACCESS |
| Uniform Resource Identifier |
<a href="https://www.opsi.gov.uk/si/si2005/20052087.htm">https://www.opsi.gov.uk/si/si2005/20052087.htm</a> |
| Public note |
View the Order free of charge at www.opsi.gov.uk... |
| 942 ## - ADDED ENTRY ELEMENTS (KOHA) |
| Suppress in OPAC |
0 |